|
|
|
|
| LEADER |
01072cam a2200217 7i4500 |
| 001 |
0000144339 |
| 005 |
20131124090000.0 |
| 002 |
0000009447 |
| 008 |
131124s2013 my a x eng |
| 090 |
0 |
0 |
|a QL 444 .M33
|b M62 2013
|
| 100 |
0 |
# |
|a Mohamad Nor Azra Md Adib
|
| 245 |
1 |
0 |
|a Effect of molting hormone, 20-hydroxyecdysone on blue swimming crab, Portunus pelagicus (Linnaeus, 1758) larval rearing
|c Mohamad Nor Azra Md Adib.
|
| 260 |
# |
# |
|a Terengganu:
|b Universiti Malaysia Terengganu,
|c 2013.
|
| 300 |
|
|
|a xxiii, 148 p.:
|b ill.;
|c 30 cm..
|
| 500 |
# |
# |
|a AKUATROP is an abbreviation for Institut Akuakultur Tropika
|
| 502 |
# |
# |
|a Tesis AKUATROP (Degree of Master of Science) 2013
|
| 520 |
3 |
# |
|a Blue swimking crab, Portunus pelagicus commercial aquaculture production has been established since the past few years and seeds production is problematic and unstable
|
| 602 |
# |
# |
|a Tesis AKUATROP 2013
|
| 650 |
0 |
0 |
|a Swimming crabs
|
| 999 |
|
|
|a 1100090556
|b CD-ROM
|c Bahan Pandang Dengar
|e BILIK BAHAN SUMBER MEDIA
|
| 999 |
|
|
|a 1100090555
|b Book
|c Bahan Pandang Dengar
|e KOLEKSI KHAS
|